Od januára sa už nedá lietať z Košíc do Bratislavy náhradným riešením je let do Viedne a z nej autobusom do hlavného mesta

Bibliographic Details
Main Author: Vargová, Jana (Author)
Format: Article
Language:Slovak
PhysicalDescription:Fotografie
ISSN:2585-7355
Subjects:

MARC

LEADER 00000nab a2200000u 4500
001 vtls011831359
003 SK-MaSNL
005 20260303084144.0
008 181220|20181220xo ||||||| || ||slo|
038 |a KEVKJB 
040 |a KEVKJB  |b slo  |e rda 
041 0 |a slo 
043 |a e-xo--- 
044 |a xo  |c SK 
072 7 |a 656.1/.5  |x Pozemná doprava  |2 konspekt 
080 |a 625.717  |2 2011 
100 1 |a Vargová, Jana  |4 aut  |9 325005 
245 1 0 |a Od januára sa už nedá lietať z Košíc do Bratislavy  |b náhradným riešením je let do Viedne a z nej autobusom do hlavného mesta  |c Jana Vargová 
300 |b Fotografie 
336 |a text  |b txt  |2 rdacontent 
337 |a bez média  |b n  |2 rdamedia 
338 |a zväzok  |b nc  |2 rdacarrier 
610 2 7 |a Letisko (Košice, Slovensko)  |2 kevkjb  |9 29622 
650 0 7 |a letiská  |2 kevkjb  |9 3006 
651 7 |a Košice (Slovensko)  |2 kevkjb  |9 18694 
773 0 |t Korzár  |g Roč. XXI., č. 245 (20.12.2018), s. 4  |x 2585-7355 
852 |a KEVKJB  |b KIS3GCP 
999 |c 1794331  |d 1796261